SIGGRAPH video review. Issue 149, SIGGRAPH 2004. Animation theater program. Part 2

Συλλογή 21 φιλμς μικρού μήκους, τα οποία παρουσιάζουν τις τρέχουσες εξελίξεις στα κινούμενα σχέδια

Αποθηκεύτηκε σε:
Λεπτομέρειες βιβλιογραφικής εγγραφής
Συλλογικό Έργο: SIGGRAPH, Association for Computing Machinery
Μορφή: Διαφάνειες
Γλώσσα:English
Δημοσίευση: New York, N.Y. : ACM, [2004]
Θέματα:
Ετικέτες: Προσθήκη ετικέτας
Δεν υπάρχουν, Καταχωρήστε ετικέτα πρώτοι!

MARC

LEADER 00000 gm a2200000 i 4500
001 1/44201
008 070514s2004 us g eng d
020 |a 1-58113-899-7 
035 |l 10087801 
040 |a GR-MY-UA  |b gre  |e aacr 
041 0 |a eng 
082 0 |a 776.6  |2 (22) 
110 2 |a SIGGRAPH. 
245 1 0 |a SIGGRAPH video review.  |n Issue 149,  |p SIGGRAPH 2004. Animation theater program.  |n Part 2  |h [μαγνητοσκόπηση] 
246 3 3 |a Animation theater program. Part 2 
246 3 3 |a SIGGRAPH 2004. Animation theater program. Part 2 
260 |a New York, N.Y. :   |b ACM,   |c [2004] 
300 |a 1 βιντεοδίσκος (π. 87 λεπτ.);  |b ομίλ., έγχρ.;  |c 4 3/4 ίν.+  |e 1 βιβλιαράκι 
505 0 |a 1. 1may (1:00) / Daniel Zdunczyk2. Drift (1:00) / Todd Mueller, Kylie Matulick3. Otsu (5:38) / Lucas Vallerie, Mathieu Gastaldi, Sylvain Crombet4. Microcosm (2:59) / Joe Takayama5. Tetra pak - forest (1:39) / Frederic Planchon6. Anthem (2:02) / Todd Muelelr, Kylie Matulick7. Eiu esperu (4:26) / Damien Stumplf, Michael Lorenzi8. Autoglass "cracks catch up with you" (0:40) / Daniel Levi9. Digital snapshot - minute manipulations of space, place and time (5:10) / Lo Iacono10. The site (2:46) / Etienne Lastennet11. De huisspitsmuis (0:47) / Ben Toogood12. Massive arabesque (2:50) / Jim Berry13. Mandible reconstruction project (2:12) / Benjamin Grosser14. The pier (2:49) / Jason Bennett15. Dear, sweet Emma (4:25) / John M. Cernak16. Quelqu'un d'autre (6:05) / F. Bosz, J.C. Kerninon, B. Masse, B. Van Opstal17. The balloon (3:29) / Bum-Jin Lee18. Cecile sans paupieres (7:49) / Manuel Ferrari, Daniel Garnerone, Johan Gay, Sandrine Lurde19. Sucker (2:46) / Ellen Brenner20. Dahucapra rupidahu (6:35) / F. Gyuran, V. Gautier, T. Berard21. El desvan (19:08) / Jose Corral 
520 |a Συλλογή 21 φιλμς μικρού μήκους, τα οποία παρουσιάζουν τις τρέχουσες εξελίξεις στα κινούμενα σχέδια 
650 0 0 |a Computer animation. 
650 0 0 |a Computer graphics. 
650 0 0 |a Animated films. 
650 0 0 |a Short films. 
710 2 |a Association for Computing Machinery. 
852 |a INST  |b SYROS  |c AV  |e 20070514  |h 776.6 SIG  |p 005500007376  |q 005500007376  |t DVD  |y 23 
901 |a BIBL5-2007-1 
909 |a Ε  |b 129692 
920 |a ΑΝΑΜΟΡΦΩΣΗ  |b ΕΠΕΑΕΚ ΙΙ-ΤΜΣΠΣ  |y ΣΥΡΟΣ  |z 2006-06 
970 |a ΚΟΝΤΟΥ  |b ΠΑΡΑΣΚΕΥΗ  |z 2007/05/14